Proexportní politika v Japonsku
Základné smery japonskej proexportnej politiky. Financovanie obchodu prostredníctvom Exim banky. Formy podpory vývozu. Exportné úverovanie. Daňové stimuly. Štátne poisťovanie vývozných a dovozných operácií. Zákon o akosti exportnej produkcie.
Uložené v:
| Médium: | Kapitola |
|---|---|
| Jazyk: | Czech |
| Predmet: | |
| Tagy: |
Žiadne tagy, Buďte prvý, kto otaguje tento záznam!
|
MARC
| LEADER | 00000naa a2200000 4500 | ||
|---|---|---|---|
| 001 | r020488 | ||
| 005 | 20230418124130.1 | ||
| 041 | 0 | |a cze | |
| 044 | |a CZ | ||
| 245 | 1 | 0 | |a Proexportní politika v Japonsku |
| 520 | |a Základné smery japonskej proexportnej politiky. Financovanie obchodu prostredníctvom Exim banky. Formy podpory vývozu. Exportné úverovanie. Daňové stimuly. Štátne poisťovanie vývozných a dovozných operácií. Zákon o akosti exportnej produkcie. | ||
| 610 | 2 | 0 | |a podpora vývozu |
| 610 | 2 | 0 | |a stimuly ekonomické |
| 610 | 2 | 0 | |a Japonsko |
| 610 | 2 | 0 | |a vývoz |
| 610 | 2 | 0 | |a financovanie obchodu zahraničného |
| 610 | 2 | 0 | |a poistenie záujmov zahraničných |